000 00712nam0a22002411 4500
001 rc\109974
005 20250620184153.0
010 _a5-900153-55-X
_910000
035 _a(NLR Aleph) 005370667
090 _a6996712
_c6996712
100 _a20021216d1995 |||y0rusy50 ca
101 0 _arus
102 _aRU
105 _aa |||||||||
200 1 _aВаренья. Соленья. Соки и напитки
_f[Составитель Е. Перлова]
210 _aУльяновск
_cДом печати
_d1995
215 _a191 с., [12] л. ил.
_d21
702 1 _aПерлова
_bЕ.
_4220
801 0 _aRU
_bNLR
_gpsbo
801 1 _aRU
_bELAR
_2rusmarc
852 _aNLR
_j96-3/3886
942 _cBOOK
980 _aNB